000 00660nam a22001937a 4500
999 _c176463
_d176463
005 20201229120821.0
010 _aUR-10978
020 _c300.00
_a-
035 _aU-9533
037 _bDBAD/PUB
082 _a841
100 _qا لحا ج ا يم ا ے حميد عکسی
245 _aعکس کما ل
_cما لحا ج ا يم ا ے حميد عکسی
246 _b‏Aks-e-Kamal (Urdu)
_aby Alhaaj M.A. Hameed Aksi
260 _aTilangana
_bAlhaaj M.A. Hameed Aksi
_c2019 ء
270 _a14-6-39-Nizam Pura,Mandi Bazar,Warangal
_bBhubhaneshwar
_e506002
_k-
_l-
300 _a200 ص
_c22 Cm(Hb)
942 _2ddc
_cUR
_h841
_mا ک س